000 00330nam a22001457a 4500
003 OSt
005 20160727222354.0
008 160622b xxu||||| |||| 00| 0 eng d
040 _cTEST
100 _9474
_aTrudgill, P,
245 _aSociolinguistics
260 _aN.Y
_bPenguin
_c1981
300 _aSociolinguistics
942 _2ddc
_cBK
999 _c390
_d390